| 000 | 00681nam a22002057a 4500 | ||
|---|---|---|---|
| 999 |
_c61315 _d61315 |
||
| 005 | 20240202173315.0 | ||
| 008 | 240202s2019 en ||||| |||| 00| 0 eng d | ||
| 020 | _a9789389686487 | ||
| 041 | _aeng | ||
| 080 | _a657.15 M-18 | ||
| 100 |
_aMahajan, SUHAS DR [ Author] _921196 |
||
| 245 |
_a FINANCIAL : _bACCOUNTING II : NEW Syllabuas / _cSuhas Mahajan, Mahesh Kulkari |
||
| 264 |
_aUSA : _bIRALI PRAKASHAN, _c2019. |
||
| 300 |
_a242 pages; _b24 cm. |
||
| 653 | _a FINANCIAL ACCOUNTING | ||
| 653 | _aფინანსური აღრიცხვა | ||
| 653 | _aბუღალტერია | ||
| 700 |
_aKulkari, Mahesh _eAuthor _921197 |
||
| 942 |
_2udc _cᲬᲘᲒᲜᲘ |
||